Історія держави і права України (Запис № 309177)

МАРК-запис
000 -Лідер
fixed length control field 00816nam a22002537a 4500
001 - Контрольний номер
control field 22945
003 - Ідентифікатор контрольного номера
control field UA-OsUOA
005 - Дата та час останнього входження (трансакції)
control field 20230911143139.0
007 - Фіксоване поле фізичного опису
fixed length control field ta
008 - Елементи даних фіксованої довжини – загальна інформація
fixed length control field 20031229b un ||||| |||| 00| 0 ukr d
020 ## - Міжнародний стандартний книжковий номер (ISBN)
Міжнародний стандартний книжковий номер (ISBN) (НП) 966-7183-01-7
040 ## - Джерело каталогізації
Агенція оригінальної каталогізації UA-OsUOA
Мова каталогізації ukr
Агенція, яка здійснювала перезапис UA-OsUOA
Агенція, яка здійснювала модифікацію UA-OsUOA
041 ## - Код мови
Код мови тексту/ звукової доріжки чи окремого заголовка (П) ukr
044 ## - Код країни видавця/ виробника
Код країни видавця/ виробника (П) UA
080 ## - Індекс Універсальної десяткової класифікації
Індекс Універсальної десяткової класифікації (УДК) (НП) 340.12
090 ## - Локальний шифр розміщення
Класифікаційний індекс УДК 340.12
Авторський знак (НП) І90
245 ## - Відомості про назву
Назва (НП) Історія держави і права України
Решта назви (НП) у 2 ч.
Дані про відповідальність (НП) Рогожина А. Й.
Номер частини/ розділу роботи (П) ч. 1
260 ## - Публікація, розповсюдження і т.п. (Вихідні дані)
Місце публікації, розповсюдження і т.п. (П) Київ
Ім’я/ наймення видавництва, розповсюджувача і т.п. (П) Ін Юре
Дата публікації, розповсюдження і т.п. (П) 1996
300 ## - Фізичний опис
Обсяг 367 с.
650 #7 - Додаткове предметне введення – тематичний термін
Тематичний термін чи географічна назва, як елемент введення (НП) 340 Право в цілому. Пропедевтика. Методи та допоміжні правничі науки
Джерело заголовка чи терміна UDC
942 ## - Додаткові елементи входу (Коха)
Тип елемента Koha Книги
Source of classification or shelving scheme Universal Decimal Classification
955 ## - Код типу видання за змістом
Код типу видання за змістом (НП) Навчальні видання
Фонди
Стан вилучень Стан втрат Джерело класифікації або схеми стелажів Стан уражень Не для кредиту Постійне місце розташування Поточне розміщення Дата придбання Вартість, звичайна ціна покупки Інвентарний номер Усього замовленно Повний номер виклику Штрих-код Дата останнього перегляду Ціна ефективна від Тип елемента Koha Дата останньої перевірки
    Universal Decimal Classification     АБ - Абонемент НБ АБ - Абонемент НБ 07/02/2005 16.30 25732   340.12 І90 25732 17/02/2022 29/12/2003 Книги  
    Universal Decimal Classification     ЧЗ - Читальна зала ЧЗ - Читальна зала 27/02/2004 10.00 66417   340.12 І90 66417 06/02/2022 29/12/2003 Книги  
    Universal Decimal Classification     ЧЗ - Читальна зала ЧЗ - Читальна зала 27/02/2004 18.00 66418   340.12 І90 66418 05/02/2022 29/12/2003 Книги  
    Universal Decimal Classification     ЧЗ - Читальна зала ЧЗ - Читальна зала 27/02/2004 3.00 66419   340.12 І90 66419 05/02/2022 29/12/2003 Книги  
    Universal Decimal Classification     ЧЗ - Читальна зала ЧЗ - Читальна зала 27/02/2004 3.00 66420 1 340.12 І90 66420 21/09/2023 29/12/2003 Книги 19/09/2023
    Universal Decimal Classification     ЧЗ - Читальна зала ЧЗ - Читальна зала 27/02/2004 17.00 66421   340.12 І90 66421 05/02/2022 29/12/2003 Книги  
    Universal Decimal Classification     ЧЗ - Читальна зала ЧЗ - Читальна зала 27/02/2004 16.30 66422   340.12 І90 66422 05/02/2022 29/12/2003 Книги  
    Universal Decimal Classification     ЧЗ - Читальна зала ЧЗ - Читальна зала 29/12/2003 7.00 91228   340.12 І90 91228 05/02/2022 29/12/2003 Книги  
    Universal Decimal Classification     ЧЗ - Читальна зала ЧЗ - Читальна зала 11/03/2004 16.30 93058   340.12 І90 93058 05/02/2022 29/12/2003 Книги